[Event "Rochefort 2017 - Master - 18/2/17 - 24/2"]
[Site "Palais des Congrès Rochefort"]
[Date "2017.02.18"]
[Round "8.6"]
[White "Colin, Vincent"]
[Black "Inkiov, Ventzislav"]
[Result "1/2-1/2"]
[WhiteElo "2372"]
[BlackElo "2447"]
[PlyCount "71"]
[EventDate "2017.??.??"]

1. d4 Nf6 2. Bf4 d5 3. e3 e6 4. Nd2 c5 5. c3 Nc6 6. Ngf3 Bd6 7. Bg3 O-O 8. Bd3
b6 9. Qe2 cxd4 10. exd4 Bb7 11. Ne5 Bxe5 12. dxe5 Nd7 13. Qh5 f5 14. exf6 Nxf6
15. Qh3 e5 16. O-O-O Bc8 17. Qh4 Bd7 18. Bc2 Qc8 19. Nf3 Bf5 20. Bb3 Na5 21.
Bxd5+ Nxd5 22. Rxd5 Qa6 23. Qa4 e4 24. Nd4 Bg6 25. Ne6 Bf7 26. Nc7 Qb7 27. Rxa5
bxa5 28. Nxa8 Qxa8 29. Rd1 e3 30. fxe3 Qxg2 31. Qxa5 h6 32. Bf4 Kh7 33. Rd2
Qf1+ 34. Rd1 Qg2 35. Rd2 Qh1+ 36. Rd1 1/2-1/2

[Event "Rochefort 2017 - Master - 18/2/17 - 24/2"]
[Site "Palais des Congrès Rochefort"]
[Date "2017.02.18"]
[Round "8.7"]
[White "Shirazi, Kamran"]
[Black "Favarel, Antoine"]
[Result "1/2-1/2"]
[WhiteElo "2331"]
[BlackElo "2423"]
[PlyCount "120"]
[EventDate "2017.??.??"]

1. d4 Nf6 2. Nc3 d5 3. Bg5 h6 4. Bxf6 exf6 5. e3 c6 6. g3 f5 7. Bg2 Nd7 8. Nge2
Nf6 9. O-O h5 10. h4 Bd6 11. Nf4 Ng4 12. f3 Nf6 13. Nce2 O-O 14. Qd3 Re8 15.
Kf2 Qe7 16. Rfe1 a5 17. a3 b6 18. Ng1 g6 19. Bf1 Bb7 20. Qd2 Red8 21. c3 c5 22.
a4 Bc6 23. Ngh3 Qd7 24. Qc2 b5 25. axb5 Bxb5 26. Bxb5 Qxb5 27. Ra4 Rab8 28.
dxc5 Bxc5 29. Nd3 Bd6 30. Rea1 Bc7 31. Nhf4 Re8 32. Ne2 Rbc8 33. Nd4 Qb8 34.
Nf4 Bb6 35. Qd2 Qd6 36. b4 axb4 37. Rxb4 Bc5 38. Rba4 Rb8 39. Ra6 Rb6 40. Rxb6
Qxb6 41. Qe2 Rb8 42. Nd3 Bd6 43. Nf4 Qc5 44. Ra6 Bxf4 45. gxf4 Nd7 46. Qc2 Qe7
47. Nc6 Qxh4+ 48. Kg2 Re8 49. Qd2 g5 50. Qf2 Qxf2+ 51. Kxf2 Nc5 52. Ra7 Nd3+
53. Kg3 h4+ 54. Kh3 Rxe3 55. fxg5 Rxf3+ 56. Kxh4 Kg7 57. Nd4 Rf1 58. Ra6 Nc5
59. Rf6 Rh1+ 60. Kg3 Rg1+ 1/2-1/2

[Event "Rochefort 2017 - Master - 18/2/17 - 24/2"]
[Site "Palais des Congrès Rochefort"]
[Date "2017.02.18"]
[Round "8.9"]
[White "Pytel, Krzysztof"]
[Black "Haub, Thorsten Michael"]
[Result "1/2-1/2"]
[WhiteElo "2295"]
[BlackElo "2397"]
[PlyCount "60"]
[EventDate "2017.??.??"]

1. Nf3 g6 2. g3 Bg7 3. Bg2 f5 4. d4 Nf6 5. b3 O-O 6. Bb2 d5 7. O-O Ne4 8. c4
Be6 9. cxd5 Bxd5 10. Nc3 Nxc3 11. Bxc3 Nc6 12. e3 Qd6 13. Qe2 h6 14. Rfd1 Kh7
15. h4 e6 16. Bf1 a5 17. Nd2 a4 18. Nc4 Qe7 19. Qc2 b5 20. Nb2 b4 21. Be1 axb3
22. axb3 Rxa1 23. Rxa1 Bxd4 24. Bg2 Bxb2 25. Qxb2 Bxg2 26. Kxg2 Qd6 27. Qd2
Qxd2 28. Bxd2 Rd8 29. Rc1 Rd6 30. Rc4 Kg7 1/2-1/2

[Event "Rochefort 2017 - Master - 18/2/17 - 24/2"]
[Site "Palais des Congrès Rochefort"]
[Date "2017.02.18"]
[Round "8.10"]
[White "Daulyte, Deimante"]
[Black "Le Goff, Ronan"]
[Result "1-0"]
[WhiteElo "2447"]
[BlackElo "2287"]
[PlyCount "155"]
[EventDate "2017.??.??"]

1. e4 e5 2. Nf3 Nc6 3. Bc4 Nf6 4. d3 h6 5. O-O d6 6. c3 g6 7. d4 Qe7 8. Nbd2
Bg7 9. Re1 O-O 10. h3 Bd7 11. Nf1 Rae8 12. Ng3 Qd8 13. Bf1 Bc8 14. dxe5 Nxe5
15. Nd4 Ned7 16. Bf4 Nc5 17. Qc2 d5 18. Nb5 Nfxe4 19. Bxc7 Qd7 20. Nxe4 Nxe4
21. Bh2 a6 22. Nc7 Rd8 23. Nxd5 Qxd5 24. Qxe4 Qxe4 25. Rxe4 Rd2 26. Re2 Rfd8
27. Bf4 Rxe2 28. Bxe2 Be6 29. a4 Bb3 30. a5 g5 31. Be3 f5 32. f4 Bf6 33. Bf3
Rd7 34. Ra3 Bc2 35. Ra1 Bb3 36. Re1 Kf7 37. Kh2 Bd8 38. Bh5+ Kg8 39. Bd4 Bf7
40. Bxf7+ Kxf7 41. Re5 gxf4 42. Rxf5+ Kg6 43. Rc5 Bh4 44. Kg1 Re7 45. Bf2 Bg3
46. Kf1 Rd7 47. Bd4 Re7 48. Re5 Rxe5 49. Bxe5 Kf5 50. Bg7 h5 51. Ke2 Ke4 52.
Bf6 Kf5 53. Be7 Ke6 54. Bd8 Kf5 55. Kf3 Be1 56. Bc7 Bd2 57. c4 Bb4 58. Bxf4
Bxa5 59. g4+ hxg4+ 60. hxg4+ Ke6 61. Ke4 Bb4 62. g5 Be7 63. Be3 Bd8 64. g6 Bc7
65. g7 Kf7 66. Bd4 Bd6 67. Kd5 Bf4 68. Be5 Be3 69. Kd6 Bb6 70. Kd7 Be3 71. Kd6
Bb6 72. Bc3 Bd8 73. Kd7 Bg5 74. Kc7 b5 75. c5 a5 76. Bxa5 Kxg7 77. c6 Kf7 78.
Kd7 1-0

[Event "Rochefort 2017 - Master - 18/2/17 - 24/2"]
[Site "Palais des Congrès Rochefort"]
[Date "2017.02.18"]
[Round "6.6"]
[White "Stets, Dmitry"]
[Black "Cornette, Matthieu"]
[Result "0-1"]
[WhiteElo "2415"]
[BlackElo "2593"]
[PlyCount "184"]
[EventDate "2017.??.??"]

1. e4 c5 2. Nc3 Nc6 3. Nge2 g6 4. d4 cxd4 5. Nxd4 Bg7 6. Be3 Nf6 7. Bc4 O-O 8.
Bb3 Re8 9. Nxc6 dxc6 10. Qxd8 Rxd8 11. f3 Ne8 12. Ke2 b6 13. Rad1 Ba6+ 14. Kf2
Nd6 15. a4 Nb7 16. Rxd8+ Rxd8 17. Rd1 Bxc3 18. Rxd8+ Nxd8 19. bxc3 Kf8 20. Bf4
c5 21. Bd5 e6 22. Ba8 Bb7 23. Bxb7 Nxb7 24. Ke3 Na5 25. Kd3 Ke7 26. c4 Nc6 27.
e5 Kd7 28. h3 Kc7 29. Bg3 Kb7 30. f4 Ka6 31. Be1 h5 32. g3 Nd4 33. Bc3 Nf5 34.
Be1 Kb7 35. Bf2 Kc6 36. Ke4 Kc7 37. Kf3 Kb7 38. g4 hxg4+ 39. hxg4 Ne7 40. Ke4
Nc6 41. Kd3 g5 42. Ke4 gxf4 43. Kxf4 Kc8 44. Be1 Nd4 45. c3 Nc6 46. Bg3 Kd7 47.
Ke4 Ne7 48. Bh4 Ng6 49. Bg3 Kc6 50. Kd3 Kb7 51. Kc2 Ka6 52. Kb2 Ne7 53. Bf4 Kb7
54. Kc2 Nc6 55. Bg5 Na5 56. Kd3 Kc6 57. Bh4 a6 58. Bd8 Nb7 59. Be7 b5 60. axb5+
axb5 61. Bf8 Na5 62. cxb5+ Kxb5 63. Ke4 Kc4 64. Kf4 Kd5 65. Bd6 Nc6 66. Bc7 c4
67. Bd6 f6 68. Bc7 fxe5+ 69. Ke3 Ne7 70. Bd8 Ng6 71. Bf6 e4 72. Bg7 Nh4 73. Bh6
Nf3 74. Bg7 Nh2 75. Kf4 e3 76. Kxe3 Nxg4+ 77. Kf3 Ne5+ 78. Ke3 Nf7 79. Bf8 e5
80. Kf3 Ng5+ 81. Ke3 Ke6 82. Bc5 Kf5 83. Bb4 Ne4 84. Kf3 Nf6 85. Ba5 Nd5 86.
Kf2 Kf4 87. Ke2 Ke4 88. Kd2 Kf3 89. Bd8 e4 90. Bh4 e3+ 91. Kc2 Nf4 92. Kd1 Ng2
0-1

[Event "Rochefort 2017 - Master - 18/2/17 - 24/2"]
[Site "Palais des Congrès Rochefort"]
[Date "2017.02.18"]
[Round "9.1"]
[White "Maiorov, Nikita"]
[Black "Nikolov, Momchil"]
[Result "1/2-1/2"]
[WhiteElo "2511"]
[BlackElo "2563"]
[PlyCount "29"]
[EventDate "2017.??.??"]

1. d4 Nf6 2. c4 e6 3. Nf3 d5 4. Nc3 c5 5. cxd5 Nxd5 6. e4 Nxc3 7. bxc3 cxd4 8.
cxd4 Bb4+ 9. Bd2 Bxd2+ 10. Qxd2 O-O 11. Bc4 b6 12. O-O Bb7 13. Rfe1 Nd7 14.
Rad1 Rc8 15. Bd3 1/2-1/2

[Event "Rochefort 2017 - Master - 18/2/17 - 24/2"]
[Site "Palais des Congrès Rochefort"]
[Date "2017.02.18"]
[Round "9.2"]
[White "Stupak, Kirill"]
[Black "Cornette, Matthieu"]
[Result "1-0"]
[WhiteElo "2542"]
[BlackElo "2593"]
[PlyCount "54"]
[EventDate "2017.??.??"]

1. d4 Nf6 2. Nf3 d5 3. c4 e6 4. Nc3 dxc4 5. e4 b5 6. e5 Nd5 7. Nxb5 Nb6 8. Bg5
Be7 9. Qd2 Nc6 10. Rc1 Ba6 11. Bxe7 Qxe7 12. a4 Nxa4 13. Bxc4 Rb8 14. b3 Nc5
15. Nd6+ cxd6 16. dxc5 Bxc4 17. cxd6 Qb7 18. bxc4 f6 19. O-O O-O 20. Rfe1 Qb4
21. exf6 Qxd2 22. Nxd2 Rxf6 23. Ne4 Rf5 24. Rb1 Rd8 25. Rb7 Re5 26. c5 Nd4 27.
f3 Nxf3+ 1-0

[Event "Rochefort 2017 - Master - 18/2/17 - 24/2"]
[Site "Palais des Congrès Rochefort"]
[Date "2017.02.18"]
[Round "9.3"]
[White "Yuffa, Daniil"]
[Black "Velten, Paul"]
[Result "1-0"]
[WhiteElo "2519"]
[BlackElo "2456"]
[PlyCount "58"]
[EventDate "2017.??.??"]

1. d4 d5 2. Bf4 Nf6 3. e3 e6 4. Nf3 Bd6 5. Bg3 c5 6. c3 Nc6 7. Nbd2 O-O 8. Bb5
Bxg3 9. hxg3 Qb6 10. Bxc6 bxc6 11. Qc2 g6 12. O-O Ba6 13. Rfb1 Nd7 14. b4 c4
15. e4 f6 16. Nf1 Rae8 17. Ne3 Bb7 18. e5 f5 19. g4 f4 20. Nf1 Kg7 21. N1h2 Qd8
22. g5 h6 23. gxh6+ Kxh6 24. g3 Kg7 25. Kg2 fxg3 26. fxg3 Rf5 27. Rh1 Rh8 28.
Ng4 Rfh5 29. Rxh5 gxh5 1-0

[Event "Rochefort 2017 - Master - 18/2/17 - 24/2"]
[Site "Palais des Congrès Rochefort"]
[Date "2017.02.18"]
[Round "9.4"]
[White "Enchev, Ivajlo"]
[Black "Demuth, Adrien"]
[Result "0-1"]
[WhiteElo "2464"]
[BlackElo "2525"]
[PlyCount "114"]
[EventDate "2017.??.??"]

1. d4 d6 2. Nf3 g6 3. e4 Bg7 4. Nc3 a6 5. a4 Nd7 6. Bc4 e6 7. Bg5 Ne7 8. Qd2 h6
9. Be3 b6 10. O-O Bb7 11. Rfe1 Kf8 12. h3 Kg8 13. Bd3 Kh7 14. Ne2 Rf8 15. c3 c5
16. Ng3 cxd4 17. cxd4 e5 18. dxe5 Nxe5 19. Be2 d5 20. Nxe5 Bxe5 21. Bxh6 dxe4
22. Qe3 Bxg3 23. Bxf8 Nf5 24. Qb3 Bxf2+ 25. Kxf2 Qd4+ 26. Kf1 Rxf8 27. Bc4 e3
28. Kg1 e2+ 29. Kh1 Qf2 30. Bd5 Ng3+ 31. Qxg3 Qxg3 32. Bxb7 Qe3 33. b4 Re8 34.
a5 Re7 35. Bf3 bxa5 36. bxa5 Qc3 37. Rab1 Qxa5 38. Bxe2 Qd2 39. Rbd1 Qe3 40.
Bxa6 Qxe1+ 41. Rxe1 Rxe1+ 42. Kh2 Kh6 43. Kg3 Kh5 44. Kf2 Rc1 45. g3 Kg5 46.
Be2 Kf5 47. Bg4+ Ke4 48. Bf3+ Kd4 49. h4 Rc2+ 50. Kg1 f5 51. Kf1 Ke3 52. Bd5
Rf2+ 53. Kg1 Rd2 54. Bc6 f4 55. gxf4 Kxf4 56. Be8 Kg3 57. Kf1 Rf2+ 0-1

[Event "Rochefort 2017 - Master - 18/2/17 - 24/2"]
[Site "Palais des Congrès Rochefort"]
[Date "2017.02.18"]
[Round "9.5"]
[White "Navrotescu, Catalin"]
[Black "Stets, Dmitry"]
[Result "0-1"]
[WhiteElo "2357"]
[BlackElo "2415"]
[PlyCount "46"]
[EventDate "2017.??.??"]

1. d4 Nf6 2. c4 g6 3. Nc3 Bg7 4. e4 d6 5. Nf3 O-O 6. h3 e5 7. d5 a5 8. g4 Na6
9. Be3 Nd7 10. a3 Nac5 11. Nd2 Bf6 12. h4 Bxh4 13. Qf3 Bg5 14. Qh3 h5 15. gxh5
Nf6 16. Qg3 Bxe3 17. fxe3 g5 18. Qxg5+ Kh8 19. O-O-O Ng4 20. Qxd8 Rxd8 21. Rg1
Nf2 22. Nf3 Nxd1 23. Kxd1 Rg8 0-1

[Event "Rochefort 2017 - Master - 18/2/17 - 24/2"]
[Site "Palais des Congrès Rochefort"]
[Date "2017.02.18"]
[Round "9.6"]
[White "Inkiov, Ventzislav"]
[Black "Bogdanov, Egor"]
[Result "1/2-1/2"]
[WhiteElo "2447"]
[BlackElo "2360"]
[PlyCount "39"]
[EventDate "2017.??.??"]

1. e4 c5 2. Nf3 d6 3. d4 cxd4 4. Nxd4 Nf6 5. Nc3 g6 6. Be2 Nc6 7. Be3 Bg7 8.
O-O O-O 9. Qd2 d5 10. exd5 Nxd5 11. Rfd1 Nxc3 12. Qxc3 Nxd4 13. Bxd4 Bxd4 14.
Rxd4 Qb6 15. Bf3 a5 16. Rad1 Be6 17. b3 Rfd8 18. h4 Rxd4 19. Qxd4 Qxd4 20. Rxd4
1/2-1/2

[Event "Rochefort 2017 - Master - 18/2/17 - 24/2"]
[Site "Palais des Congrès Rochefort"]
[Date "2017.02.18"]
[Round "9.7"]
[White "Ollier, Pablo"]
[Black "Daulyte, Deimante"]
[Result "1-0"]
[WhiteElo "2359"]
[BlackElo "2447"]
[PlyCount "97"]
[EventDate "2017.??.??"]

1. Nf3 Nf6 2. c4 g6 3. Nc3 Bg7 4. e4 O-O 5. d4 d6 6. Be2 Nbd7 7. Bg5 h6 8. Bh4
e5 9. d5 a5 10. Nd2 Nc5 11. Qc2 Bd7 12. O-O Qe8 13. b3 Nh7 14. f3 f5 15. a3 f4
16. b4 Na6 17. Rab1 h5 18. Bf2 g5 19. c5 g4 20. c6 bxc6 21. dxc6 Be6 22. Bc4
Bxc4 23. Nxc4 axb4 24. axb4 gxf3 25. gxf3 Ng5 26. Qe2 Ne6 27. Nd5 Rf7 28. Kh1
Nd4 29. Bxd4 exd4 30. Nb2 Be5 31. Qc4 Kh8 32. Nd3 Nb8 33. b5 Ra3 34. Ra1 Rxa1
35. Rxa1 Rg7 36. Qa2 h4 37. Qf2 Qh5 38. Rg1 Rg3 39. Rf1 Rg7 40. Ne1 h3 41. Rg1
d3 42. Rxg7 Kxg7 43. Nxd3 Kf7 44. Ne1 Bg7 45. Qa7 Qe5 46. Qxc7+ Kg6 47. Ne7+
Kh5 48. Nf5 Qxb5 49. Qf7+ 1-0

[Event "Rochefort 2017 - Master - 18/2/17 - 24/2"]
[Site "Palais des Congrès Rochefort"]
[Date "2017.02.18"]
[Round "9.8"]
[White "Favarel, Antoine"]
[Black "Pytel, Krzysztof"]
[Result "1/2-1/2"]
[WhiteElo "2423"]
[BlackElo "2295"]
[PlyCount "92"]
[EventDate "2017.??.??"]

1. c4 f5 2. g3 Nf6 3. Bg2 g6 4. Nc3 Bg7 5. d3 d6 6. e4 Nc6 7. Nge2 O-O 8. O-O
Kh8 9. exf5 Bxf5 10. d4 e5 11. d5 Nb4 12. Bg5 a5 13. Ne4 Bxe4 14. Bxe4 Qd7 15.
Bxf6 Bxf6 16. Nc3 Na6 17. Kg2 Nc5 18. b3 Bg7 19. h4 Bh6 20. Qe2 Rf6 21. h5 Raf8
22. hxg6 hxg6 23. f3 Kg8 24. Rh1 Kg7 25. Raf1 Rh8 26. Rh2 Bg5 27. Rxh8 Kxh8 28.
Rh1+ Kg8 29. Bc2 Qg7 30. a3 Rf8 31. b4 axb4 32. axb4 Na6 33. Ne4 Be7 34. Qd2
Rf5 35. Ba4 Nb8 36. c5 Qf8 37. Qe3 Na6 38. Bd7 Rh5 39. Rxh5 gxh5 40. Be6+ Kg7
41. b5 Nxc5 42. Nxc5 dxc5 43. Qxe5+ Kh6 44. Qxc7 Bd6 45. Qa5 Qg7 46. Qd2+ Qg5
1/2-1/2

[Event "Rochefort 2017 - Master - 18/2/17 - 24/2"]
[Site "Palais des Congrès Rochefort"]
[Date "2017.02.18"]
[Round "9.9"]
[White "Haub, Thorsten Michael"]
[Black "Shirazi, Kamran"]
[Result "1/2-1/2"]
[WhiteElo "2397"]
[BlackElo "2331"]
[PlyCount "101"]
[EventDate "2017.??.??"]

1. Nf3 Nf6 2. g3 c5 3. Bg2 Nc6 4. O-O g6 5. d3 d5 6. Nbd2 Bg7 7. e4 O-O 8. c3
e6 9. Re1 b5 10. exd5 Nxd5 11. Nb3 Qb6 12. c4 bxc4 13. dxc4 Ndb4 14. Be3 Rd8
15. Qe2 Na6 16. Ng5 Bb7 17. Ne4 Nd4 18. Nxd4 cxd4 19. Bg5 d3 20. Bxd8 Rxd8 21.
Qd2 Bxe4 22. Bxe4 Qxb2 23. Qxb2 Bxb2 24. Rab1 Bc3 25. Red1 Nc5 26. Bxd3 Rxd3
27. Rxd3 Nxd3 28. Rb3 Nc1 29. Rb8+ Kg7 30. c5 Nxa2 31. c6 Be5 32. Rb7 Nc3 33.
c7 Bxc7 34. Rxc7 Nd5 35. Rxa7 g5 36. Kg2 Kg6 37. Kf3 h5 38. Ra4 Ne7 39. h4 gxh4
40. Rxh4 Nf5 41. Ra4 Ne7 42. Ke4 Nf5 43. Ke5 Nh6 44. f3 Kg7 45. Rf4 Kg6 46.
Rf6+ Kg7 47. Rxh6 Kxh6 48. Kf6 e5 49. Kxf7 Kg5 50. Ke6 e4 51. fxe4 1/2-1/2

[Event "Rochefort 2017 - Master - 18/2/17 - 24/2"]
[Site "Palais des Congrès Rochefort"]
[Date "2017.02.18"]
[Round "9.10"]
[White "Colin, Vincent"]
[Black "Do, Huu-Thi"]
[Result "1-0"]
[WhiteElo "2372"]
[BlackElo "2229"]
[PlyCount "65"]
[EventDate "2017.??.??"]

1. d4 Nf6 2. Bf4 d6 3. Nc3 Nbd7 4. Nf3 c6 5. Qd2 Nh5 6. e4 Nxf4 7. Qxf4 e6 8.
e5 d5 9. Bd3 h6 10. O-O Be7 11. Ne2 Nf8 12. c3 g5 13. Qd2 h5 14. Ne1 Ng6 15. f4
g4 16. Nc2 Bd7 17. b4 Nh4 18. Ng3 b6 19. c4 b5 20. cxd5 cxd5 21. f5 Bg5 22. Qe2
Qb6 23. fxe6 fxe6 24. Nxh5 O-O-O 25. Nf6 Bxf6 26. exf6 Rdg8 27. f7 Nf3+ 28.
Rxf3 Rf8 29. Rf6 Kb7 30. Qxg4 Qc7 31. Qg3 Qc3 32. Raf1 Kc6 33. Bxb5+ 1-0